A guide to management accounting / (Record no. 15793)
[ view plain ]
| 000 -LEADER | |
|---|---|
| fixed length control field | 00810nam a22002652a 4500 |
| 001 - CONTROL NUMBER | |
| control field | 15793 |
| 003 - CONTROL NUMBER IDENTIFIER | |
| rucl marc code | BD-RjUL |
| 005 - DATE AND TIME OF LATEST TRANSACTION | |
| control field | 20211208235904.0 |
| 008 - FIXED-LENGTH DATA ELEMENTS--GENERAL INFORMATION | |
| fixed length control field | 140210r19681965enka 001 0 eng d |
| 035 ## - SYSTEM CONTROL NUMBER | |
| System control number | (BD-RjUL)15848 |
| -- | OCLC ocm02212387 from D950321M |
| 040 ## - CATALOGING SOURCE | |
| Original cataloging agency | DLC |
| Transcribing agency | CIN |
| Modifying agency | BD-RjUL |
| Language of cataloging | eng |
| 041 ## - LANGUAGE CODE | |
| Language code of text/sound track or separate title | eng |
| 082 ## - DEWEY DECIMAL CLASSIFICATION NUMBER | |
| Classification number | 657 |
| Author mark and year | BRG 1968 |
| 100 1# - MAIN ENTRY--PERSONAL NAME | |
| Personal name | Broad, Horace Wilfrid. |
| 9 (RLIN) | 48986 |
| 245 12 - TITLE STATEMENT | |
| Title | A guide to management accounting / |
| Statement of responsibility, etc. | H. W. Broad and K. S. Carmicheal |
| 250 ## - EDITION STATEMENT | |
| Edition statement | 4th ed |
| 260 ## - PUBLICATION, DISTRIBUTION, ETC. (IMPRINT) | |
| Place of publication, distribution, etc. | London : |
| Name of publisher, distributor, etc. | H. F. L., |
| Date of publication, distribution, etc. | c1965 [reprint 1968]. |
| 300 ## - PHYSICAL DESCRIPTION | |
| Pagination | ix, 215 p. : |
| Illustrations | ill., tables, diagrs. ; |
| Size | 23 cm |
| 504 ## - BIBLIOGRAPHY, ETC. NOTE | |
| Bibliography, etc | Includes index. |
| 650 #0 - SUBJECT ADDED ENTRY--TOPICAL TERM | |
| Topical term or geographic name as entry element | Accounting |
| 9 (RLIN) | 48987 |
| 700 1# - ADDED ENTRY--PERSONAL NAME | |
| Personal name | Carmichael, K. S. |
| Fuller form of name | (Keith Stanley) |
| 942 ## - ADDED ENTRY ELEMENTS (KOHA) | |
| Source of classification or shelving scheme | Dewey Decimal Classification |
| Koha item type | Books |
| Lost status | Source of classification or shelving scheme | Damaged status | Not for loan | Collection code | Permanent Location | Current Location | Shelving location | Date acquired | Source of acquisition | Cost, normal purchase price | Total Checkouts | Full call number | Date last seen | Copy number | Koha item type |
|---|---|---|---|---|---|---|---|---|---|---|---|---|---|---|---|
| Dewey Decimal Classification | Non-fiction | Central Library, University of Rajshahi | Central Library, University of Rajshahi | 03/04/1973 | Paramount book | 23.10 | 657 BRG 1968 | 10/02/2014 | C-4 | Books | |||||
| Dewey Decimal Classification | Not For Loan | Non-fiction | Central Library, University of Rajshahi | Central Library, University of Rajshahi | Reading Room | 05/05/1967 | Ankur Books and s. Agency | 15.75 | 657 BRG 1968 | 31/12/2016 | C-1 | Books | |||
| Dewey Decimal Classification | Non-fiction | Central Library, University of Rajshahi | Central Library, University of Rajshahi | 03/07/1973 | Paramount Book Corp. | 23.00 | 657 BRG 1968 | 08/05/2019 | C-2 | Books | |||||
| Dewey Decimal Classification | Non-fiction | Central Library, University of Rajshahi | Central Library, University of Rajshahi | 03/07/1973 | Paramount Book Corp. | 23.10 | 657 BRG 1968 | 08/05/2019 | C-3 | Books | |||||
| Dewey Decimal Classification | Non-fiction | Central Library, University of Rajshahi | Central Library, University of Rajshahi | 28/06/1973 | Paramount Book Corp. | 23.10 | 657 BRG 1968 | 08/05/2019 | C-5 | Books |